| 000 | 01117cam a2200301 i 4500 | ||
|---|---|---|---|
| 001 | ocn829180533 | ||
| 003 | EG-ScBUE | ||
| 005 | 20250616133205.0 | ||
| 008 | 130306s1956 nyua f 001 0 eng d | ||
| 020 | _a048660361X | ||
| 020 | _a9780486603612 | ||
| 040 |
_aVALIL _beng _erda _cVALIL _dKNOVL _dOCLCE _dZCU _dKNOVL _dOCLCF _dCOO _dKNOVL _dYDXCP _dOCLCQ _dEG-ScBUE |
||
| 082 | 0 | 4 |
_a536.7 _222 _bFER |
| 100 | 1 |
_aFermi, Enrico, _d1901-1954, _eauthor. |
|
| 245 | 1 | 0 |
_aThermodynamics / _cby Enrico Fermi. |
| 264 | 1 |
_aNew York : _bDover Publications, _c1956. |
|
| 300 |
_a160 pages : _billustrations ; _c18 cm |
||
| 336 |
_2rdacontent _atext _btxt |
||
| 337 |
_aunmediated _2rdamedia _bn |
||
| 338 |
_avolume _bnc _2rdacarrier |
||
| 500 | _aIncludes index. | ||
| 520 | _aIn this classic of modern science, the Nobel Laureate presents a clear treatment of systems, the First and Second Laws of Thermodynamics, entropy, thermodynamic potentials, and much more. Calculus required. | ||
| 650 | 7 |
_aThermodynamics. _2BUEsh _91919 |
|
| 651 | _2BUEsh | ||
| 653 |
_bGGEN _cDecember2017 |
||
| 655 | _vReading book | ||
| 942 |
_2ddc _cBB |
||
| 999 |
_c25730 _d25702 |
||